[Event "USA-chT Amateur West"]
[Site "Irvine"]
[Date "2015.02.16"]
[Round "5"]
[White "Xia, Yusheng"]
[Black "Peters, Jack"]
[Result "1/2-1/2"]
[WhiteElo "2137"]
[BlackElo "2355"]
[PlyCount "157"]
[EventDate "2015.02.14"]
[EventType "team-swiss"]
[EventRounds "6"]
[EventCountry "USA"]
[SourceTitle "EXT 2018"]
[Source "ChessBase"]
[SourceDate "2017.10.13"]
[SourceVersion "1"]
[SourceVersionDate "2017.10.13"]
[SourceQuality "1"]

1. d4 Nf6 2. Nf3 e6 3. c4 d5 4. cxd5 exd5 5. Bf4 Bd6 6. Bxd6 Qxd6 7. Nc3 Bf5 8. e3 c6 9. Bd3 Bxd3 10. Qxd3 0-0 11. 0-0 Nbd7 12. Rfc1 Rfe8 13. Nd2 a5 14. Na4 Ne4 15. Nf1 Qf6 16. Rc2 Re6 17. Nc3 Nd6 18. Ne2 a4 19. Nf4 Ree8 20. Rac1 Ra5 21. Qd1 Nb6 22. Ng3 Rb5 23. Qg4 g6 24. Nd3 Nbc4 25. Qf3 Qg5 26. Ne2 Ne4 27. Qf4 Qe7 28. Nc3 Nxc3 29. bxc3 Qe4 30. Qxe4 dxe4 31. Nb4 Rd8 32. Kf1 Rd6 33. Re2 b6 34. Nc2 c5 35. Ne1 a3 36. Nc2 Rc6 37. Na1 cxd4 38. exd4 f5 39. Nb3 Kf7 40. Nd2 Nb2 41. Nb3 Nd3 42. Rcc2 Rc4 43. g3 Rd5 44. Kg2 Nb2 45. Nd2 Rc8 46. f3 Rxd4 47. Nxe4 Rd7 48. Ng5+ Kg8 49. Ne6 Re7 50. Nd4 Kf7 51. Nb5 Rxe2+ 52. Rxe2 Nc4 53. f4 Rc5 54. Nd4 Nd6 55. Re3 Ne4 56. Nc2 Nxc3 57. Nxa3 Nxa2 58. Rb3 Rc6 59. Nb5 Nc1 60. Rb1 Nd3 61. Nd4 Rc4 62. Nf3 Rc2+ 63. Kg1 Rc1+ 64. Rxc1 Nxc1 65. Kf1 Ke7 66. Ke1 Nd3+ 67. Kd2 Nf2 68. Kc3 Kd6 69. Ng5 h6 70. Nf7+ Kd5 71. Kb4 Ng4 72. h3 Nf2 73. Nxh6 Nxh3 74. Nf7 Ke4 75. Nh8 g5 76. fxg5 Nxg5 77. Ng6 Nf7 78. Kb5 Kf3 79. Nh4+ 1/2-1/2

[Event "American op 60' 49th"]
[Site "Orange"]
[Date "2013.11.29"]
[Round "1"]
[White "Xia, Yusheng"]
[Black "Gareyev, Timur"]
[Result "0-1"]
[WhiteElo "2086"]
[BlackElo "2650"]
[PlyCount "108"]
[EventDate "2013.11.29"]
[EventType "tourn (rapid)"]
[EventRounds "3"]
[EventCountry "USA"]
[SourceTitle "EXT 2015"]
[Source "ChessBase"]
[SourceDate "2014.11.20"]
[SourceVersion "1"]
[SourceVersionDate "2014.11.20"]
[SourceQuality "1"]

1. d4 Nf6 2. c4 e6 3. Nf3 b6 4. g3 Ba6 5. Qc2 Bb7 6. Bg2 c5 7. dxc5 bxc5 8. 0-0 Be7 9. Nc3 0-0 10. Rd1 d6 11. Bg5 Nbd7 12. e4 Qb6 13. h3 Rfd8 14. b3 Nf8 15. Nh2 Ng6 16. Nf1 Ne5 17. Be3 Nc6 18. f4 Rac8 19. Qf2 Nd4 20. Rac1 Bc6 21. Kh1 e5 22. Nd5 Bxd5 23. cxd5 Nd7 24. Nd2 Qa6 25. Nc4 Nb6 26. Bf1 Nxc4 27. Bxc4 Qb7 28. Bxd4 cxd4 29. fxe5 dxe5 30. Qf5 Bd6 31. Rf1 Qe7 32. Rc2 Rc7 33. Rcf2 Rf8 34. Kg2 a5 35. a4 Rc5 36. Qg4 Qc7 37. Qe2 Kh8 38. Qh5 f6 39. Qg4 Qc8 40. Qxc8 Rfxc8 41. Rc1 R5c7 42. g4 h6 43. Rfc2 Ba3 44. Ra1 Bb4 45. Rac1 g6 46. Bd3 Rxc2+ 47. Rxc2 Bc3 48. Rf2 Kg7 49. Bc4 Be1 50. Rf3 Bb4 51. Rf2 Rh8 52. Be2 Kf7 53. Rf1 Ke7 54. Rc1 Bc3 0-1

[Event "Los Angeles Metropolitan 22nd"]
[Site "Los Angeles"]
[Date "2012.08.17"]
[Round "7"]
[White "Xia, Yusheng"]
[Black "Krishnan, Varun"]
[Result "0-1"]
[WhiteElo "2086"]
[BlackElo "2146"]
[PlyCount "120"]
[EventDate "2012.08.14"]
[EventType "swiss"]
[EventRounds "9"]
[EventCountry "USA"]
[SourceTitle "CBM 150 Extra"]
[Source "ChessBase"]
[SourceDate "2012.10.19"]
[SourceVersion "1"]
[SourceVersionDate "2012.10.19"]
[SourceQuality "1"]

1. d4 d5 2. c4 e6 3. Nc3 c6 4. cxd5 exd5 5. Qc2 Nf6 6. Bg5 Be7 7. e3 0-0 8. Bd3 h6 9. Bh4 Re8 10. Nge2 Nbd7 11. 0-0 Ne4 12. Bxe7 Qxe7 13. Ng3 Ndf6 14. Rab1 a5 15. Rfc1 Rb8 16. Ncxe4 dxe4 17. Bf1 Nd5 18. a3 Bd7 19. Qc5 Qd8 20. b4 b6 21. Qc2 axb4 22. axb4 Qe7 23. Qd2 Nc7 24. Ne2 Qd6 25. Qb2 Ra8 26. Nc3 b5 27. Qc2 Qe7 28. Ne2 Ra4 29. Nc3 Ra6 30. Ra1 Bf5 31. Ne2 Rc8 32. Ng3 Bg6 33. Rxa6 Nxa6 34. Bxb5 Nxb4 35. Qc5 Qxc5 36. Rxc5 f5 37. Bc4+ Kf8 38. Ne2 Nd3 39. Ra5 Rb8 40. Ra1 Bf7 41. Bxf7 Kxf7 42. Nc1 Ke6 43. Nxd3 exd3 44. Kf1 Kd5 45. Rd1 Rb3 46. Ke1 Kc4 47. h4 f4 48. h5 fxe3 49. fxe3 Kd5 50. Rc1 Ke4 51. Rxc6 Kxe3 52. Re6+ Kxd4 53. Rd6+ Ke5 54. Rg6 Rb7 55. Kd2 Rd7 56. Rg3 Kf5 57. Rxd3 Rxd3+ 58. Kxd3 Kf4 59. Ke2 Kg3 60. Kf1 Kg4 0-1